000 00608nam a2200181Ia 4500
008 151018s9999 xx 000 0 und d
082 _bRBASDV11180
_a891.463
100 _aवा शि आपटे
245 _aही प्रीत जगावेगळी
250 _b1
260 _bश्रीराम प्रकाशन पुणे
_c1975
300 _a162
600 _aवा शि आपटे
630 _aही प्रीत जगावेगळी
700 _aवा शि आपटे
730 _aही प्रीत जगावेगळी
942 _cBOOK
999 _c1013531
_d1013528